|
|
|
|
| LEADER |
01271nam a22002657a 4500 |
| 001 |
39247 |
| 003 |
BD-DhAAL |
| 005 |
20230921154716.0 |
| 008 |
220726t2021 xxua|||| |||| 00| 0 eng d |
| 020 |
|
|
|a 9798463514271
|
| 040 |
|
|
|a BD-DhAAL
|c BD-DhAAL
|
| 082 |
|
|
|a 005.133
|2 23
|
| 100 |
|
|
|a Ellison, Brady
|9 50245
|
| 245 |
|
|
|a Python for data analysis :
|b a beginners guide to master the fundamentals of data science and data analysis by using pandas, numpy and ipython /
|c Brady Ellison
|
| 260 |
|
|
|a United States :
|b Brady Ellison,
|c c2021.
|
| 300 |
|
|
|a 173 pages :
|b illustrations ;
|c 22 cm.
|
| 526 |
|
|
|a CSE
|
| 541 |
|
|
|a Development Book Agency
|e 39247, 41746
|
| 650 |
|
|
|a Python (Computer program language).
|9 50246
|
| 650 |
|
|
|a Computer science.
|9 50247
|
| 852 |
|
|
|a Ayesha Abed Library
|c General Stacks
|
| 942 |
|
|
|2 ddc
|c BK
|
| 999 |
|
|
|c 44539
|d 44539
|
| 952 |
|
|
|0 0
|1 0
|2 ddc
|4 0
|6 005_133000000000000_ELL
|7 0
|9 71193
|a BRACUL
|b BRACUL
|c GEN
|d 2022-07-06
|e Development Book Agency
|g 2800.00
|l 6
|m 83
|o 005.133 ELL
|p 3010039247
|r 2026-05-14
|s 2026-05-10
|t 1
|v 2800.00
|w 2022-07-06
|y BK
|
| 952 |
|
|
|0 0
|1 0
|2 ddc
|4 0
|6 005_133000000000000_ELL
|7 0
|9 74321
|a BRACUL
|b BRACUL
|c GEN
|d 2023-09-05
|e Development Book Agency
|g 2100.00
|l 5
|m 46
|o 005.133 ELL
|p 3010041746
|r 2025-10-22
|s 2025-03-04
|t 2
|v 2100.00
|w 2023-09-05
|y BK
|